|
|
|
|
| LEADER |
00000naa2a2200000 4500 |
| 001 |
608063 |
| 005 |
20260317130635.0 |
| 035 |
|
|
|a (RuTPU)RU\TPU\conf\5493
|
| 035 |
|
|
|a RU\TPU\conf\5489
|
| 090 |
|
|
|a 608063
|
| 100 |
|
|
|a 20140914d2014 k y0rusy50 ca
|
| 101 |
0 |
|
|a rus
|
| 102 |
|
|
|a RU
|
| 135 |
|
|
|a drgn ---uucaa
|
| 181 |
|
0 |
|a i
|
| 182 |
|
0 |
|a b
|
| 200 |
1 |
|
|a Моделирование процесса управления рисками по операциям с пластиковыми картами банка
|f Н. В. Давыденко, Т. Ю. Чернышёва
|
| 203 |
|
|
|a Текст
|c электронный
|
| 225 |
1 |
|
|a Информационные технологии интеллектуальной поддержки принятия решений в экономике
|
| 300 |
|
|
|a Заглавие с титульного экрана
|
| 320 |
|
|
|a [Библиогр.: с. 168 (2 назв.)]
|
| 337 |
|
|
|a Adobe Reader
|
| 463 |
|
0 |
|0 (RuTPU)RU\TPU\conf\5406
|t Современные технологии поддержки принятия решений в экономике
|o сборник трудов Всероссийской научно-практической конференции студентов, аспирантов и молодых ученых, 28-20 апреля 2014 г., г. Юрга
|f Национальный исследовательский Томский политехнический университет (ТПУ), Юргинский технологический институт (ЮТИ) ; отв. ред. А. А. Захарова
|v [С. 166-168]
|d 2014
|
| 610 |
1 |
|
|a труды учёных ТПУ
|
| 610 |
1 |
|
|a электронный ресурс
|
| 610 |
1 |
|
|a моделирование процесса
|
| 610 |
1 |
|
|a риски
|
| 610 |
1 |
|
|a пластиковые карты
|
| 610 |
1 |
|
|a банки
|
| 610 |
1 |
|
|a банковские риски
|
| 610 |
1 |
|
|a платежные системы
|
| 700 |
|
1 |
|a Давыденко
|b Н. В.
|
| 701 |
|
1 |
|a Чернышёва
|b Т. Ю.
|c специалист в области информационных технологий
|c доцент Юргинского технологического института (филиала) Томского политехнического университета
|g Татьяна Юрьевна
|3 (RuTPU)RU\TPU\pers\25981
|
| 712 |
0 |
2 |
|a Национальный исследовательский Томский политехнический университет (ТПУ)
|b Юргинский технологический институт (филиал) (ЮТИ)
|b Кафедра информационных систем (ИС)
|3 (RuTPU)RU\TPU\col\18893
|
| 801 |
|
2 |
|a RU
|b 63413507
|c 20220214
|g RCR
|
| 856 |
4 |
|
|u http://earchive.tpu.ru/handle/11683/69506
|
| 856 |
4 |
|
|u http://www.lib.tpu.ru/fulltext/c/2014/C79/069.pdf
|
| 942 |
|
|
|c BK
|